Private actions in competition law (Record no. 106850)

MARC details
000 -LEADER
fixed length control field 01061cad a22002175a 4500
001 - CONTROL NUMBER
control field L137625
008 - FIXED-LENGTH DATA ELEMENTS--GENERAL INFORMATION
fixed length control field 070420s2007 xxk f f000 0 eng d
035 ## - SYSTEM CONTROL NUMBER
System control number (Sirsi) u137625
041 0# - LANGUAGE CODE
Language code of text/sound track or separate title eng
050 04 - LIBRARY OF CONGRESS CALL NUMBER
Classification number 343.410723 $2 18
110 1# - MAIN ENTRY--CORPORATE NAME
Corporate name or jurisdiction name as entry element United Kingdom
Subordinate unit Office of Fair Trading
9 (RLIN) 4767
245 00 - TITLE STATEMENT
Title Private actions in competition law
Remainder of title effective redress for consumers and business
-- discussion paper
Medium [electronic resource]
260 ## - PUBLICATION, DISTRIBUTION, ETC.
Place of publication, distribution, etc. London
-- FT
Date of publication, distribution, etc. 2007
490 #0 - SERIES STATEMENT
Series statement OFT
Volume/sequential designation 916
520 ## - SUMMARY, ETC.
Summary, etc. Sets out the principles that should inform improvements to the existing sytem for private actions regarding competition law to ensure that it allows for effective redress and enhanced compliance with the law. Proposals should, however, not give rise to a litigation culture that would be harmful to legitimate business activity.
590 ## - LOCAL NOTE (RLIN)
Local note KA NTK
651 #4 - SUBJECT ADDED ENTRY--GEOGRAPHIC NAME
Geographic name United Kingdom
Chronological subdivision
690 ## - LOCAL SUBJECT ADDED ENTRY--TOPICAL TERM (OCLC, RLIN)
Topical term or geographic name as entry element PROPERTY AND LAND LAW
856 40 - ELECTRONIC LOCATION AND ACCESS
Uniform Resource Identifier <a href="https://www.oft.gov.uk/shared_oft/reports/comp_policy/oft916.pdf">https://www.oft.gov.uk/shared_oft/reports/comp_policy/oft916.pdf</a>
Public note View the item free of charge at www.oft.gov.uk...
942 ## - ADDED ENTRY ELEMENTS (KOHA)
Suppress in OPAC 0
Holdings
Withdrawn status Lost status Source of classification or shelving scheme Damaged status Not for loan Home library Current library Shelving location Date acquired Total Checkouts Full call number Barcode Date last seen Copy number Price effective from Koha item type
    Dewey Decimal Classification     Virtual Virtual Online 20/04/2007   L137625 137625-1001 06/08/2019 1 06/08/2019 Book